MARC details
| 000 -LEADER |
| fixed length control field |
04072cam a2200973 4500 |
| 001 - CONTROL NUMBER |
| control field |
444763 |
| 003 - CONTROL NUMBER IDENTIFIER |
| control field |
ItRFAO |
| 008 - FIXED-LENGTH DATA ELEMENTS--GENERAL INFORMATION |
| fixed length control field |
101124t2010 xxu||||| ||| 00| 0 d |
| 020 ## - INTERNATIONAL STANDARD BOOK NUMBER |
| International Standard Book Number |
978-92-5-405760-6 |
| 040 ## - CATALOGING SOURCE |
| Original cataloging agency |
ItRFAO |
| Modifying agency |
ItRFAO |
| 084 ## - OTHER CLASSIFICATION NUMBER |
| Classification number |
636 F73951(E) |
| 084 ## - OTHER CLASSIFICATION NUMBER |
| Classification number |
636 F73951(E) |
| 100 ## - MAIN ENTRY--PERSONAL NAME |
| Personal name |
Rischkowsky, B. |
| Relator term |
(ed.) |
| 110 ## - MAIN ENTRY--CORPORATE NAME |
| Corporate name or jurisdiction name as entry element |
FAO, Rome (Italy). Commission on Genetic Resources for Food and Agriculture |
| Language of a work |
eng |
| 9 (RLIN) |
1322 |
| 242 04 - TRANSLATION OF TITLE BY CATALOGING AGENCY |
| Title |
The State of the World's Animal Genetic Resources for Food and Agriculture |
| 245 00 - TITLE STATEMENT |
| Title |
СОСТОЯНИЕ ВСЕМИРНЫХ ГЕНЕТИЧЕСКИХ РЕСУРСОВ ЖИВОТНЫХ В СФЕРЕ ПРОДОВОЛЬСТВИЯ И СЕЛЬСКОГО ХОЗЯЙСТВА |
| 260 ## - PUBLICATION, DISTRIBUTION, ETC. |
| Place of publication, distribution, etc. |
Rome (Italy) |
| Name of publisher, distributor, etc. |
FAO |
| Date of publication, distribution, etc. |
2010 |
| 300 ## - PHYSICAL DESCRIPTION |
| Extent |
512 p. |
| Other physical details |
col. illus., tables |
| 500 ## - GENERAL NOTE |
| General note |
Annexes on the attached CD-ROM. See also related pub. (brief, 37 pp.) AN 433251 |
| 520 ## - SUMMARY, ETC. |
| Summary, etc. |
Summary (Ru) |
| 520 ## - SUMMARY, ETC. |
| Summary, etc. |
This report is the first global assessment of the status and trends of animal genetic resources and of the state of institutional and technological capacity to manage these resources. It provides a basis for renewed efforts to ensure that the commitments to the improved management of genetic resources set out in the World Food Summit Plan of Action are realized. |
| 546 ## - LANGUAGE NOTE |
| Language note |
Russian |
| 650 17 - SUBJECT ADDED ENTRY--TOPICAL TERM |
| Source of heading or term |
agrovoc |
| Topical term or geographic name entry element |
LIVESTOCK |
| 650 17 - SUBJECT ADDED ENTRY--TOPICAL TERM |
| Source of heading or term |
agrovoc |
| Topical term or geographic name entry element |
ANIMAL GENETIC RESOURCES |
| 9 (RLIN) |
1323 |
| 650 17 - SUBJECT ADDED ENTRY--TOPICAL TERM |
| Source of heading or term |
agrovoc |
| Topical term or geographic name entry element |
BIODIVERSITY |
| 9 (RLIN) |
1324 |
| 650 17 - SUBJECT ADDED ENTRY--TOPICAL TERM |
| Source of heading or term |
agrovoc |
| Topical term or geographic name entry element |
RESOURCE CONSERVATION |
| 9 (RLIN) |
1325 |
| 650 17 - SUBJECT ADDED ENTRY--TOPICAL TERM |
| Source of heading or term |
agrovoc |
| Topical term or geographic name entry element |
ANIMAL BREEDING |
| 9 (RLIN) |
1326 |
| 650 17 - SUBJECT ADDED ENTRY--TOPICAL TERM |
| Source of heading or term |
agrovoc |
| Topical term or geographic name entry element |
ANIMAL BIOTECHNOLOGY |
| 9 (RLIN) |
1327 |
| 650 27 - SUBJECT ADDED ENTRY--TOPICAL TERM |
| Source of heading or term |
agrovoc |
| Topical term or geographic name entry element |
BREEDS (ANIMALS) |
| 9 (RLIN) |
1328 |
| 650 27 - SUBJECT ADDED ENTRY--TOPICAL TERM |
| Source of heading or term |
agrovoc |
| Topical term or geographic name entry element |
GENE FLOW |
| 9 (RLIN) |
1329 |
| 650 27 - SUBJECT ADDED ENTRY--TOPICAL TERM |
| Source of heading or term |
agrovoc |
| Topical term or geographic name entry element |
DISEASE RESISTANCE |
| 9 (RLIN) |
1330 |
| 650 27 - SUBJECT ADDED ENTRY--TOPICAL TERM |
| Source of heading or term |
agrovoc |
| Topical term or geographic name entry element |
USES |
| 9 (RLIN) |
1331 |
| 650 27 - SUBJECT ADDED ENTRY--TOPICAL TERM |
| Source of heading or term |
agrovoc |
| Topical term or geographic name entry element |
ECONOMIC VALUE |
| 9 (RLIN) |
1537 |
| 650 27 - SUBJECT ADDED ENTRY--TOPICAL TERM |
| Source of heading or term |
agrovoc |
| Topical term or geographic name entry element |
FARMING SYSTEMS |
| 9 (RLIN) |
1332 |
| 650 27 - SUBJECT ADDED ENTRY--TOPICAL TERM |
| Source of heading or term |
agrovoc |
| Topical term or geographic name entry element |
REPRODUCTION |
| 650 27 - SUBJECT ADDED ENTRY--TOPICAL TERM |
| Source of heading or term |
agrovoc |
| Topical term or geographic name entry element |
REPRODUCTION CONTROL |
| 9 (RLIN) |
1334 |
| 650 27 - SUBJECT ADDED ENTRY--TOPICAL TERM |
| Source of heading or term |
agrovoc |
| Topical term or geographic name entry element |
STAKEHOLDERS |
| 650 27 - SUBJECT ADDED ENTRY--TOPICAL TERM |
| Source of heading or term |
agrovoc |
| Topical term or geographic name entry element |
LEGISLATION |
| 650 27 - SUBJECT ADDED ENTRY--TOPICAL TERM |
| Source of heading or term |
agrovocf |
| Topical term or geographic name entry element |
RACE (ANIMAL) |
| 9 (RLIN) |
1336 |
| 650 27 - SUBJECT ADDED ENTRY--TOPICAL TERM |
| Source of heading or term |
agrovocf |
| Topical term or geographic name entry element |
FLUX DE GENES |
| 9 (RLIN) |
1337 |
| 650 27 - SUBJECT ADDED ENTRY--TOPICAL TERM |
| Source of heading or term |
agrovocf |
| Topical term or geographic name entry element |
RESISTANCE AUX MALADIES |
| 9 (RLIN) |
1338 |
| 650 27 - SUBJECT ADDED ENTRY--TOPICAL TERM |
| Source of heading or term |
agrovocf |
| Topical term or geographic name entry element |
UTILISATION |
| 9 (RLIN) |
1339 |
| 650 27 - SUBJECT ADDED ENTRY--TOPICAL TERM |
| Source of heading or term |
agrovocf |
| Topical term or geographic name entry element |
VALEUR ECONOMIQUE |
| 9 (RLIN) |
1340 |
| 650 27 - SUBJECT ADDED ENTRY--TOPICAL TERM |
| Source of heading or term |
agrovocf |
| Topical term or geographic name entry element |
SYSTEME D'EXPLOITATION AGRICOLE |
| 650 27 - SUBJECT ADDED ENTRY--TOPICAL TERM |
| Source of heading or term |
agrovocf |
| Topical term or geographic name entry element |
REPRODUCTION |
| 650 27 - SUBJECT ADDED ENTRY--TOPICAL TERM |
| Source of heading or term |
agrovocf |
| Topical term or geographic name entry element |
MAITRISE DE LA REPRODUCTION |
| 9 (RLIN) |
1343 |
| 650 27 - SUBJECT ADDED ENTRY--TOPICAL TERM |
| Source of heading or term |
agrovocf |
| Topical term or geographic name entry element |
PARTIE INTERESSEE |
| 650 27 - SUBJECT ADDED ENTRY--TOPICAL TERM |
| Source of heading or term |
agrovocf |
| Topical term or geographic name entry element |
LEGISLATION |
| 650 17 - SUBJECT ADDED ENTRY--TOPICAL TERM |
| Source of heading or term |
agrovocf |
| Topical term or geographic name entry element |
BETAIL |
| 9 (RLIN) |
1345 |
| 650 17 - SUBJECT ADDED ENTRY--TOPICAL TERM |
| Source of heading or term |
agrovocf |
| Topical term or geographic name entry element |
RESSOURCE GENETIQUE ANIMALE |
| 9 (RLIN) |
1346 |
| 650 17 - SUBJECT ADDED ENTRY--TOPICAL TERM |
| Source of heading or term |
agrovocf |
| Topical term or geographic name entry element |
BIODIVERSITE |
| 9 (RLIN) |
1347 |
| 650 17 - SUBJECT ADDED ENTRY--TOPICAL TERM |
| Source of heading or term |
agrovocf |
| Topical term or geographic name entry element |
CONSERVATION DES RESSOURCES |
| 9 (RLIN) |
1348 |
| 650 17 - SUBJECT ADDED ENTRY--TOPICAL TERM |
| Source of heading or term |
agrovocf |
| Topical term or geographic name entry element |
AMELIORATION DES ANIMAUX |
| 9 (RLIN) |
1349 |
| 650 17 - SUBJECT ADDED ENTRY--TOPICAL TERM |
| Source of heading or term |
agrovocf |
| Topical term or geographic name entry element |
BIOTECHNOLOGIE ANIMALE |
| 9 (RLIN) |
1350 |
| 650 27 - SUBJECT ADDED ENTRY--TOPICAL TERM |
| Source of heading or term |
agrovocs |
| Topical term or geographic name entry element |
RAZAS (ANIMALES) |
| 9 (RLIN) |
1351 |
| 650 27 - SUBJECT ADDED ENTRY--TOPICAL TERM |
| Source of heading or term |
agrovocs |
| Topical term or geographic name entry element |
FLUJO GENETICO |
| 9 (RLIN) |
1352 |
| 650 27 - SUBJECT ADDED ENTRY--TOPICAL TERM |
| Source of heading or term |
agrovocs |
| Topical term or geographic name entry element |
RESISTENCIA A LA ENFERMEDAD |
| 9 (RLIN) |
1353 |
| 650 27 - SUBJECT ADDED ENTRY--TOPICAL TERM |
| Source of heading or term |
agrovocs |
| Topical term or geographic name entry element |
USOS |
| 9 (RLIN) |
1354 |
| 650 27 - SUBJECT ADDED ENTRY--TOPICAL TERM |
| Source of heading or term |
agrovocs |
| Topical term or geographic name entry element |
VALOR ECONOMICO |
| 9 (RLIN) |
1355 |
| 650 27 - SUBJECT ADDED ENTRY--TOPICAL TERM |
| Source of heading or term |
agrovocs |
| Topical term or geographic name entry element |
SISTEMAS DE EXPLOTACION |
| 9 (RLIN) |
1356 |
| 650 27 - SUBJECT ADDED ENTRY--TOPICAL TERM |
| Source of heading or term |
agrovocs |
| Topical term or geographic name entry element |
REPRODUCCION |
| 9 (RLIN) |
1357 |
| 650 27 - SUBJECT ADDED ENTRY--TOPICAL TERM |
| Source of heading or term |
agrovocs |
| Topical term or geographic name entry element |
REPRODUCCION DIRIGIDA |
| 9 (RLIN) |
1358 |
| 650 27 - SUBJECT ADDED ENTRY--TOPICAL TERM |
| Source of heading or term |
agrovocs |
| Topical term or geographic name entry element |
AGENTES INTERESADOS |
| 650 27 - SUBJECT ADDED ENTRY--TOPICAL TERM |
| Source of heading or term |
agrovocs |
| Topical term or geographic name entry element |
LEGISLACION |
| 650 17 - SUBJECT ADDED ENTRY--TOPICAL TERM |
| Source of heading or term |
agrovocs |
| Topical term or geographic name entry element |
GANADO |
| 9 (RLIN) |
1361 |
| 650 17 - SUBJECT ADDED ENTRY--TOPICAL TERM |
| Source of heading or term |
agrovocs |
| Topical term or geographic name entry element |
RECURSOS GENETICOS ANIMALES |
| 9 (RLIN) |
1362 |
| 650 17 - SUBJECT ADDED ENTRY--TOPICAL TERM |
| Source of heading or term |
agrovocs |
| Topical term or geographic name entry element |
BIODIVERSIDAD |
| 9 (RLIN) |
1363 |
| 650 17 - SUBJECT ADDED ENTRY--TOPICAL TERM |
| Source of heading or term |
agrovocs |
| Topical term or geographic name entry element |
CONSERVACION DE LOS RECURSOS |
| 9 (RLIN) |
1364 |
| 650 17 - SUBJECT ADDED ENTRY--TOPICAL TERM |
| Source of heading or term |
agrovocs |
| Topical term or geographic name entry element |
MEJORAMIENTO ANIMAL |
| 9 (RLIN) |
1365 |
| 650 17 - SUBJECT ADDED ENTRY--TOPICAL TERM |
| Source of heading or term |
agrovocs |
| Topical term or geographic name entry element |
BIOTECNOLOGIA ANIMAL |
| 9 (RLIN) |
1366 |
| 651 #7 - SUBJECT ADDED ENTRY--GEOGRAPHIC NAME |
| Source of heading or term |
agrovoc |
| Geographic name |
WORLD |
| 9 (RLIN) |
1367 |
| 651 #7 - SUBJECT ADDED ENTRY--GEOGRAPHIC NAME |
| Source of heading or term |
agrovocf |
| Geographic name |
MONDE |
| 9 (RLIN) |
1368 |
| 651 #7 - SUBJECT ADDED ENTRY--GEOGRAPHIC NAME |
| Source of heading or term |
agrovocs |
| Geographic name |
MUNDO |
| 9 (RLIN) |
1369 |
| 690 #7 - LOCAL SUBJECT ADDED ENTRY--TOPICAL TERM (OCLC, RLIN) |
| Source of heading or term |
agrissce |
| Topical term or geographic name as entry element |
L10-Animal genetics and breeding |
| 700 ## - ADDED ENTRY--PERSONAL NAME |
| Personal name |
Pilling, D. |
| Relator term |
(ed.) |
| 775 ## - OTHER EDITION ENTRY |
| Language code |
eng |
| Other item identifier |
433485 |
| 775 ## - OTHER EDITION ENTRY |
| Language code |
fre |
| Other item identifier |
437095 |
| 775 ## - OTHER EDITION ENTRY |
| Language code |
chi |
| Other item identifier |
437735 |
| 856 ## - ELECTRONIC LOCATION AND ACCESS |
| Uniform Resource Identifier |
<a href="http://www.fao.org/docrep/012/a1250r/a1250r00.htm">http://www.fao.org/docrep/012/a1250r/a1250r00.htm</a> |
| 942 ## - ADDED ENTRY ELEMENTS (KOHA) |
| Suppress in OPAC |
No |
| Source of classification or shelving scheme |
Dewey Decimal Classification |
| Koha item type |
Books |